| 000 | 01056 a2200241 4500 | ||
|---|---|---|---|
| 003 | Nust | ||
| 005 | 20241204170608.0 | ||
| 010 | _a 81006371 | ||
| 020 | _a0030575931 | ||
| 040 | _cNust | ||
| 082 | 0 | 0 | _a629.8312,SAV |
| 100 | 1 |
_aHostetter, G. H., _9106633 |
|
| 245 | 1 | 0 |
_aDesign of feedback control systems / _cGene H. Hostetter, Clement J. Savant, Jr., Raymond Stefani. |
| 250 | _a3rd ed. | ||
| 260 |
_a[New York] : _bHolt, Rinehart & Winston, _c[1995] |
||
| 300 |
_axvi, 541 p. : _bill. ; _c24 cm. |
||
| 440 | 0 |
_aHRW series in electrical and computer engineering _9103696 |
|
| 505 | _aContinuous-Time System Description (Page-1), Continuous Time System Response (Page-85), Tracking System Performance (Page-144), Root Locus Analysis (Page-200), Root Locus Design (Page-267), Frequency Response Methods (Page-318), State Variable Methods for Continuous Time Systems (Page-435), Digital Control (Page-557). | ||
| 650 | 0 | _aFeedback control systems. | |
| 700 | 1 |
_aSavant, C. J. _997210 |
|
| 700 | 1 |
_aStefani, Raymond T. _9106634 |
|
| 942 |
_2ddc _cBK |
||
| 999 |
_c183916 _d183916 |
||